The Sporcle TV Classifieds Quiz Stats

 Plays Quiz Updated Apr 25, 2012

Challenge
Share
Tweet
Score 0/18 Timer 08:00
5 Plays Today
Hint TV Show % Correct
BirthsI Love Lucy
88.8%
Lost and FoundLOST
77.3%
BirthsThe X-Files
77.1%
EmploymentAmerican Idol
74.4%
EmploymentM*A*S*H
74%
EmploymentGlee
68.1%
BirthsFriends
63.2%
AdvertisementsGilligan's Island
62.8%
Articles For SaleThe Office (UK)
61.7%
Hint TV Show % Correct
Articles For SaleSurvivor
58.2%
DeathsDallas
57.3%
Lost and FoundCSI: Miami
54.2%
Lost and FoundThe Smurfs
38.1%
DeathsER
37.1%
Articles For Sale30 Rock
33.2%
AdvertisementsMonty Python's Flying Circus
32.7%
DeathsDexter
32.4%
AdvertisementsFamily Guy
17.7%

You're not logged in!

Compare scores with friends on all Sporcle quizzes.
Join for Free
OR
Log In

You Might Also Like...

Show Comments

Extras

Top Quizzes Today


Score Distribution

Your Account Isn't Verified!

In order to create a playlist on Sporcle, you need to verify the email address you used during registration. Go to your Sporcle Settings to finish the process.

Report this User

Report this user for behavior that violates our Community Guidelines.

Details: